| 000 | 00387nam a2200157Ia 4500 | ||
|---|---|---|---|
| 005 | 20240807062336.0 | ||
| 008 | 240806s9999||||xx |||||||||||||| ||eng|| | ||
| 041 | _aeng | ||
| 082 |
_a491.25 _bTRIS |
||
| 100 | _aHari Shankar Tripathi | ||
| 245 | 0 |
_aSanskrit roopgram / _cHari Shankar Tripathi |
|
| 260 | _bVedpeeth Prakashan Prayag | ||
| 300 | _a0 | ||
| 650 | _aSanskrit | ||
| 942 | _cBK | ||
| 999 |
_c16041 _d16041 |
||